| 000 | 00747nam a2200265 a 4500 | ||
|---|---|---|---|
| 001 | 30104 | ||
| 003 | BD-RjUL | ||
| 005 | 20211209051520.0 | ||
| 008 | 140409s1969 enka b 001 0 eng d | ||
| 035 | _a(BD-RjUL)30189 | ||
| 035 | _a(OCoLC)57529 | ||
| 040 |
_aBD-RjUL _beng _cBD-RjUL _dBD-RjUL |
||
| 041 | _aeng | ||
| 082 |
_a510.01 _218 |
||
| 082 |
_a510.01 _218 _bKOP 1969 |
||
| 100 |
_aKorner S. _991530 |
||
| 245 | 0 | 4 | _aThe philosophy of mathematics / |
| 260 |
_aLondon : _bOxford University Press, _c1969. |
||
| 300 |
_a197 p : _bill. ; _c21 cm. |
||
| 500 | _aIncludes index. | ||
| 504 | _aBibliography: p. 178-184. | ||
| 650 | 0 |
_aLogic, Symbolic and mathematical. _991531 |
|
| 650 | 0 |
_aMathematics _xPhilosophy. _95282 |
|
| 942 |
_2ddc _cBK |
||
| 999 |
_c30104 _d30104 |
||